Statistiques concernant Générique Ben 10 - Paroles

Cliquez ici pour prendre le quiz!

Statistiques générales

  • Ce quiz a été pris 177 fois
  • Le résultat moyen est 15 sur 23

Statistiques - réponses

Paroles% Correct
Tout a {commencé}
98%
Ben {Ten}
97%
Avec un mystérieux {bracelet}
95%
C'est super d'{avoir}
91%
Ben {Ten}
90%
Il se transforme d'un seul {coup}
85%
De supers pouvoirs à {son} {poignet}
81%
Il est tellement {cool}
80%
Ben {Ten}
77%
Et sans aucun {souci}
77%
Ne soyez pas {surpris}
77%
Qu'avec lui en ne {s}'{ennuie} {jamais}
77%
Il reste notre {ami}
75%
Bien contre le {mal}
71%
Si un jour vous le {croisez}
70%
Il s'en fiche pas {mal}
66%
Il sauvera la {Terre}
64%
Pour nous il se {bat}
50%
D'un coup de poing {final}
36%
La peur, les {ennuis}
34%
Gluant, rapide ou {rampant}
31%
Ses pouvoirs en {poche}
13%
Il est sur la {balle}
11%

Distribution des résultats

Percentile par nombre de réponses

% des personnes avec chaque résultat

Votre développement - résultats

Vous n’avez pas pris ce quiz